[Event "Bucaramanga Feria op 2nd"]
[Site "Bucaramanga"]
[Date "2013.09.20"]
[Round "1"]
[White "Jaimes Suarez, Lucy Janeth"]
[Black "Martinez Zuluaica, Julian"]
[Result "0-1"]
[WhiteElo "1383"]
[BlackElo "2186"]
[PlyCount "50"]
[EventDate "2013.09.20"]
[EventType "swiss"]
[EventRounds "7"]
[EventCountry "COL"]
[SourceTitle "CBM 156 Extra"]
[Source "ChessBase"]
[SourceDate "2013.10.22"]
[SourceVersion "1"]
[SourceVersionDate "2013.10.22"]
[SourceQuality "1"]

1. e4 d5 2. d3 Nf6 3. Be2 dxe4 4. dxe4 Qxd1+ 5. Bxd1 Nxe4 6. Be3 Nc6 7. Bf3 Bf5 8. Ne2 0-0-0 9. 0-0 e6 10. Nbc3 Nxc3 11. bxc3 Ne5 12. Nd4 Nxf3+ 13. Nxf3 Bxc2 14. Bxa7 b6 15. Ne5 Bg6 16. h3 Kb7 17. Bxb6 cxb6 18. Rac1 Bc5 19. Nc4 Bd3 20. Rfd1 Bxc4 21. Rxd8 Rxd8 22. Rc2 Rd1+ 23. Kh2 Bd5 24. c4 Bd6+ 25. g3 Rh1# 0-1

[Event "COL-ch Superate-A (Women)"]
[Site "Bogota"]
[Date "2012.12.09"]
[Round "7.7"]
[White "Jaimes Suarez, Lucy Janeth"]
[Black "Duran Pastrana, Michelle Melis"]
[Result "1/2-1/2"]
[WhiteElo "1343"]
[BlackElo "1297"]
[PlyCount "34"]
[EventDate "2012.12.07"]
[EventType "swiss"]
[EventRounds "7"]
[EventCountry "COL"]
[SourceTitle "EXT 2024"]
[Source "ChessBase"]
[SourceDate "2023.10.10"]
[SourceVersion "1"]
[SourceVersionDate "2023.10.10"]
[SourceQuality "1"]

1. e4 e5 2. Nf3 Nc6 3. Nc3 Bb4 4. d3 Nf6 5. a3 Bxc3+ 6. bxc3 d5 7. Be2 dxe4 8. dxe4 Qxd1+ 9. Bxd1 Nxe4 10. Bb2 0-0 11. 0-0 Nf6 12. Be2 Bg4 13. Rfe1 Rad8 14. Rad1 e4 15. Nd2 Bxe2 16. Rxe2 Rfe8 17. g3 a6 1/2-1/2